000
00285nam a22001337a 4500
020
_a
1-8442-2239-X
082
_a
823
_b
DIS/L
100
_a
DISNEY, WALT
245
_a
LADY AND THE TRAMP
260
_a
LONDON
_b
LADYBIRD
300
_a
43
650
_a
ENGLISH SHORT STORY
_z
UK
942
_c
BK
999
_c
3756
_d
3756